000 00461nam a22001097a 4500
082 _a658
100 _aपराडकर,श्रीनिवास
_983357
245 _aवित्तीय शक्ति पुस्तिका 2025 भाग -1 साथ में भाग- 2
260 _aइन्‍दौर
_bअमर लाॅ पब्लिकेशन
_c2025
650 _aवित्तीय प्रबंध
_983389
942 _cC. BOOKS
999 _c68278
_d68278